El nuevo canal de Panamá : (Registro nro. 7442)
[ vista simple ]
| 000 -LEADER | |
|---|---|
| fixed length control field | 01346nam a22002657a 4500 |
| 003 - CONTROL NUMBER IDENTIFIER | |
| control field | OSt |
| 005 - DATE AND TIME OF LATEST TRANSACTION | |
| control field | 20210304135220.0 |
| 008 - FIXED-LENGTH DATA ELEMENTS--GENERAL INFORMATION | |
| fixed length control field | 210304s2015 sp ao||gr|||| 00| 0 spa d |
| 020 ## - INTERNATIONAL STANDARD BOOK NUMBER | |
| International Standard Book Number | 9788416489343 |
| 040 ## - CATALOGING SOURCE | |
| Original cataloging agency | CO-JMCR |
| Transcribing agency | CO-JMCR |
| 041 0# - LANGUAGE CODE | |
| Language code of text/sound track or separate title | spa |
| -- | eng |
| 082 04 - DEWEY DECIMAL CLASSIFICATION NUMBER | |
| Classification number | 972.8705 / |
| Item number | B533n |
| Edition number | 23 |
| 100 1# - MAIN ENTRY--PERSONAL NAME | |
| Personal name | Berrocal Menárguez, Ana Belén, |
| Relator term | autor |
| 9 (RLIN) | 14358 |
| 245 13 - TITLE STATEMENT | |
| Title | El nuevo canal de Panamá : |
| Remainder of title | el tercer juego de esclusas = The new Panama canal : the third set of locks / |
| Statement of responsibility, etc. | textos Ana Belén Berrocal Menárguez ; fotografía, Mario Entero |
| 246 11 - VARYING FORM OF TITLE | |
| Title proper/short title | The new Panama Canal : |
| Remainder of title | the third set of locks |
| 260 ## - PUBLICATION, DISTRIBUTION, ETC. | |
| Place of publication, distribution, etc. | Barcelona : |
| Name of publisher, distributor, etc. | Planeta : |
| Date of publication, distribution, etc. | 2015 |
| 300 ## - PHYSICAL DESCRIPTION | |
| Extent | 235 páginas : |
| Other physical details | ilustraciones y fotografías a color ; |
| Dimensions | 30 cm. |
| 504 ## - BIBLIOGRAPHY, ETC. NOTE | |
| Bibliography, etc. note | Bibliografía: página 235 |
| 505 0# - FORMATTED CONTENTS NOTE | |
| Formatted contents note | Sacyr. Un referente internacional -- El canal de Panamá: el Bósforo interoceánico -- Quién, cómo y porqué del canal de Panamá -- La dicotomía: ampliar o morir -- El canal español -- La gran obra -- Sostenibilidad ambiental del nuevo canal -- Importancia estratégica del cana de Panamá -- La fiebre del canal |
| 546 ## - LANGUAGE NOTE | |
| Language note | Textos en español e inglés. |
| 650 14 - SUBJECT ADDED ENTRY--TOPICAL TERM | |
| Topical term or geographic name entry element | Canal de Panamá |
| General subdivision | tercer juego de esclusas |
| 9 (RLIN) | 14359 |
| 651 1# - SUBJECT ADDED ENTRY--GEOGRAPHIC NAME | |
| Geographic name | Panamá |
| Form subdivision | construcción |
| General subdivision | esclusas |
| 9 (RLIN) | 14360 |
| 700 1# - ADDED ENTRY--PERSONAL NAME | |
| Personal name | Entero, Mario, |
| Relator term | fotográfo |
| 9 (RLIN) | 14361 |
| 942 ## - ADDED ENTRY ELEMENTS (KOHA) | |
| Source of classification or shelving scheme | Dewey Decimal Classification |
| Koha item type | Books |
| Withdrawn status | Lost status | Source of classification or shelving scheme | Damaged status | Not for loan | Collection code | Home library | Current library | Date acquired | Coded location qualifier | Total Checkouts | Total Renewals | Full call number | Barcode | Date last seen | Date last checked out | Copy number | Price effective from | Koha item type |
|---|---|---|---|---|---|---|---|---|---|---|---|---|---|---|---|---|---|---|
| Dewey Decimal Classification | Non-fiction | Biblioteca Pública José María del Castillo y Rada | Biblioteca Pública José María del Castillo y Rada | 10/02/2020 | $0 | 4 | 2 | 972.8705 / B533n | 201810511 | 10/16/2025 | 10/16/2025 | Ej.1 | 03/04/2021 | Books |